00864nam a2200217 a 450000100100000000500170001000800410002704000250006804100380009308200140013110000260014524000500017124501360022126000540035730000280041170000350043970000340047404900090050895201120051799900170062900002379020200930022454.0110113s1970 xxua r 000 | spa d aDO-SdBNPbspacBNPHU aenghspa2Código de idioma MARC axxxbY31n1 aYates, Kyle M.94897010aThe essentials of Biblical Hebrew.lespañol10aNociones esenciales del hebreo biblico /cKyle M. Yates ; edición revisada por Juan José Owens; traducido por S. Daniel Daglio. aEl Paso :bCasa Bautista de Publicaciones,c1970. a301 p. :bil. ;c20 cm.1 aOwens, Juan Joséeed.9487811 aDaglio, S. Danieletr.948782 aBNGR 001050718MOaGRbGRcCTd2011-01-13iLF1l0oxxx Y31np23790-10r2020-06-25w2020-06-25y1ZNo se presta c23286d23286